| 000 | 00765nam a22001937a 4500 | ||
|---|---|---|---|
| 999 |
_c372205 _d372205 |
||
| 008 | 201127b ||||| |||| 00| 0 eng d | ||
| 040 |
_aDE-2950 _bger _cDE-2950 _erda |
||
| 041 | _ager | ||
| 245 |
_aLetzte Ruhe im Stadtwald könnte bald möglich sein _bTod und Trauer. Stadtförster René Schmidt wurde schon oft nach einer Bestattung m Wald gefragt. Jetzt sucht er nach einer Lösung/ _cInes Weber-Rath |
||
| 264 | _c2023 | ||
| 653 | _aFrankfurt (Oder) | ||
| 653 | _aStadtwald | ||
| 653 | _aBestattungen | ||
| 773 |
_dFrankfurt (Oder) Märkisches Verlags- und Druckhaus GmbH & Co KG _tMärkische Oderzeitung _g34. Jahrgang (2023) Nr. 32 vom 07.02.2023, S.13: Mit Foto |
||
| 942 | _cA | ||